000 00805nam a2200253 i 4500
001 111729
003 ES-MaACL
005 20250818070629.0
007 t|
008 061121s1932 sp r ||||1| spa d
100 1 _aNeuberg, A.
_985428
245 1 3 _aLa insurrección armada /
_cA. Neuberg; versión española de Luis Curiel y Marino Vela.
260 _aMadrid :
_bEd. Roja,
_c1932.
300 _a410 p. ;
_c19 x 13.
490 1 _aLibros proletarios
500 _aA. Neuberg : Seudónimo colectivo de Tujachevski [et al.]
650 0 7 _aRevoluciones
_2embne
_916897
650 0 4 _aComunismo-
_vHistoria
_911222
700 1 _aCuriel, Luis.
_942218
700 1 _aVela, Marino.
_9164119
830 0 _aLibros proletarios
_9233084
852 _aES-MaACL
_jA-799
999 _c111729
_d111729